江南市?香南市? - Statistics

General Stats
  • This quiz has been taken 21 times
  • The average score is 8 of 10
Answer Stats
Hint Explanation Answer % Correct
「こうなん」駅がある 江南市
89%
面積は100㎢以上 香南市:126.46㎢
江南市:30.20㎢
香南市
89%
他県の市町村と隣接している 岐阜県各務原市と隣接 江南市
84%
平成の大合併で誕生 香南市
84%
同じ表記の行政区がある 新潟市に存在(江南区) 江南市
79%
私立高校がある 滝高等学校がある 江南市
79%
大仏がある 高さ18mのコンクリート製の大仏である「布袋の大仏」がある 江南市
79%
提携都市に群馬県藤岡市がある 江南市
63%
2桁国道がある 国道55号が通る 香南市
63%
鉄道駅が3つ以上ある のいち駅、よしかわ駅、あかおか駅、香我美駅、夜須駅の5つ
(江南市は江南駅と布袋駅の2つ)
香南市
58%
No matching quizzes found
Score Distribution
Percent of People with Each Score
Percentile by Number Answered
Your Score History
You have not taken this quiz